|
|
|
|
| LEADER |
00000cam a2200000 7i4500 |
| 001 |
0000093843 |
| 005 |
20240226152159.0 |
| 020 |
|
|
|a 9789834941635 (
|q paperback)
|
| 040 |
|
|
|e rda
|
| 041 |
|
|
|a Malay
|
| 090 |
0 |
0 |
|a 418.8
|b SHA
|
| 100 |
1 |
|
|a Shaharir Mohamad Zain ,
|e (author)
|
| 245 |
1 |
0 |
|a Tujuh ilmu pilihan dalam Bahasa Melayu yang mendahului Bahasa Inggeris :
|b Jilid II
|c Shaharir Mohamad Zain
|
| 264 |
|
1 |
|a Kuala Lumpur :
|b Dewan Bahasa dan Pustaka
|c 2023
|
| 300 |
|
|
|a 578 pages :
|b illustration ;
|c 23 cm.
|
| 336 |
|
|
|a text
|2 rdacontent
|
| 337 |
|
|
|a unmediated
|2 rdamedia
|
| 338 |
|
|
|a volume
|2 rdacarrier
|
| 500 |
|
|
|a Includes index
|
| 504 |
|
|
|a Includes bibliographical references
|
| 541 |
|
|
|c Donation book
|f Inisiatif Belanjawan 2023
|
| 650 |
|
0 |
|a Language usage
|
| 650 |
|
0 |
|a Malay language
|x History and criticism
|
| 700 |
0 |
|
|a Maisarah Hasbullah ,
|e (author)
|
| 730 |
0 |
|
|a Title
|
| 999 |
|
|
|a 0001754976
|b Book
|c Adult Collection
|e Perbadanan Perpustakaan Awam Johor
|
| 999 |
|
|
|a 0001754977
|b Book
|c Adult Collection
|e Cawangan Urban Transformation Centre
|
| 999 |
|
|
|a 0001754978
|b Book
|c Adult Collection
|e Cawangan AEON Kulaijaya
|
| 999 |
|
|
|a 0001754979
|b Book
|c Adult Collection
|e Cawangan Tmn. Ungku Tun Aminah
|
| 999 |
|
|
|a 0001754980
|b Book
|c Adult Collection
|e Cawangan Batu Pahat
|
| 999 |
|
|
|a 0001754981
|b Book
|c Adult Collection
|e Cawangan Tmn. Ungku Tun Aminah
|
| 999 |
|
|
|a 0001754982
|b Book
|c Adult Collection
|e Cawangan Bandar Tenggara
|
| 999 |
|
|
|a 0001754983
|b Book
|c Adult Collection
|e Cawangan Taman Sri Lambak
|
| 999 |
|
|
|a 0001754984
|b Book
|c Adult Collection
|e Perbadanan Perpustakaan Awam Johor
|
| 999 |
|
|
|a 0001754985
|b Book
|c Adult Collection
|e Cawangan Bandar Penawar
|
| 999 |
|
|
|a 0001754986
|b Book
|c Adult Collection
|e Cawangan Kota Tinggi
|
| 999 |
|
|
|a 0001754987
|b Book
|c Adult Collection
|e Cawangan Taman Sri Lambak
|
| 999 |
|
|
|a 0001754988
|b Book
|c Adult Collection
|e Cawangan Bandar Tenggara
|
| 999 |
|
|
|a 0001754989
|b Book
|c Adult Collection
|e Cawangan Pontian
|
| 999 |
|
|
|a 0001754990
|b Book
|c Adult Collection
|e Cawangan Segamat
|
| 999 |
|
|
|a 0001754991
|b Book
|c Adult Collection
|e Cawangan Bukit Gambir
|
| 999 |
|
|
|a 0001754992
|b Book
|c Adult Collection
|e Cawangan Muar
|
| 999 |
|
|
|a 0001754993
|b Book
|c Adult Collection
|e Cawangan Tangkak
|
| 999 |
|
|
|a 0001755049
|b Book
|c Adult Collection
|e Cawangan Mersing
|